Vyhláška Štatistického úradu SR z 12. septembra 2002, ktorou sa vydáva štatistická odvetvová klasifikácia ekonomických činností
Vyhláška č. 552/2002 Z.z. Štatistického úradu SR, ktorou sa vydáva štatistická odvetvová klasifikácia ekonomických činností (OKEČ). Táto vyhláška nadobúda účinnosť 1.1.2003. Čísla kódov OKEČ a ich názvy.
Na minha lista:
| Formato: | Capítulo de Livro |
|---|---|
| Idioma: | eslovaco |
| Assuntos: | |
| Tags: |
Sem tags, seja o primeiro a adicionar uma tag!
|
MARC
| LEADER | 00000naa a2200000 4500 | ||
|---|---|---|---|
| 001 | r047511 | ||
| 005 | 20230927104604.4 | ||
| 041 | 0 | |a slo | |
| 044 | |a SK | ||
| 245 | 1 | 0 | |a Vyhláška Štatistického úradu SR z 12. septembra 2002, ktorou sa vydáva štatistická odvetvová klasifikácia ekonomických činností |
| 520 | |a Vyhláška č. 552/2002 Z.z. Štatistického úradu SR, ktorou sa vydáva štatistická odvetvová klasifikácia ekonomických činností (OKEČ). Táto vyhláška nadobúda účinnosť 1.1.2003. Čísla kódov OKEČ a ich názvy. | ||
| 610 | 2 | 0 | |a OKEČ |
| 610 | 2 | 0 | |a odvetvia činnosti ekonomickej |
| 610 | 2 | 0 | |a OKEČ |
| 610 | 2 | 0 | |a vyhlášky |